000 00804nas a2200253 4500
001 BR0404706
003 BR-BrBNA
005 20231205104856.0
007 ta
008 230509b bl.|||p| |||| 00| 00por d
040 _aBR-BrBNA
_bpor
_cBiblioteca Nacional de Agricultura
041 _a(En)
072 _aL70
100 1 _aInoue, L.A.K.A.
100 1 _aSantos Neto, C. dos
100 1 _aMoraes, G.
245 1 _aStandardization of 2-phenoxyethanol as anesthetic for juvenile Brycon cephalus (Gunther, 1869): the use in field procedures
650 _aMATRINXÃ
650 _aPEIXE DE ÁGUA DOCE
650 _aANESTESIA
773 0 _tCiência Rural (Brazil)
_xISSN 0103-8478
_g(Mar-Apr 2004), v. 34(2) p. 563-565
_wBR0404706
909 _a202311
_bLúcia
_c55
_dLúcia Elande
942 _2AGRIS
_n0
_cANA
999 _c180083
_d180083